000 00620nam a2200205 i 4500
001 50557
003 ES-MaACL
005 20231227172503.0
007 t|
008 030805s1972 sp |||| |aspa d
100 1 _aChacel, Rosa,
_d1898-1994
_937750
245 1 0 _aDesde el amanecer
_b: autobiografía de mis primeros diez años /
_cRosa Chacel.
260 _aMadrid :
_bRevista de Occidente,
_c[1972]
300 _a358 p. ;
_c19 cm.
490 1 _aSelecta ;
_v43
600 1 4 _aChacel, Rosa,
_d1898-1994
_937750
830 1 _aSelecta ;
_v43
_9181890
852 _aES-MaACL
_jC-43629
999 _c50557
_d50557